000 00530nam a2200229Ia 4500
005 20250425162130.0
008 250425s9999 xx 000 0 und d
020 _a9681852176
041 _aspa
082 _a547
100 _aGRAHAM SOLOMONS, T. W.
245 0 _aQUÍMICA ORGÁNICA
250 _a2A ED.
260 _aMEXICO
260 _aMéxico
_bLIMUSA WILEY
_c2000
300 _a1492
650 _aESTEREOQUIMICA
650 _aQUIMICA ORGANICA
650 _aSINTESIS ORGANICA
942 _c01
010 _a51925
999 _c222969
_d222969